Analýza vývoja nezamestnanosti v SR v porovnaní s krajinami V-4 bakalárska práca

Uložené v:
Podrobná bibliografia
Hlavný autor: Bohdal, Tomáš
Korporativný autor: Národohospodárska fakulta EU. Katedra hospodárskej politiky
Ďalší autori: Veselovská, Stanislava, 1957-
Médium: Kniha
Jazyk:Slovak
Vydavateľské údaje: Bratislava 2010
Tagy: Pridať tag
Žiadne tagy, Buďte prvý, kto otaguje tento záznam!

MARC

LEADER 00000nbm a2200000 4500
001 0133017
005 20161109111500.8
041 0 |a slo 
044 |a SK 
245 1 0 |a Analýza vývoja nezamestnanosti v SR v porovnaní s krajinami V-4  |b bakalárska práca  |c Tomáš Bohdal ; školiteľ: Stanislava Veselovská 
264 1 |a Bratislava  |c 2010 
300 |a 39 s. 
100 1 |a Bohdal, Tomáš 
700 1 |a Veselovská, Stanislava, 1957- 
710 2 |a Národohospodárska fakulta EU. Katedra hospodárskej politiky